000 00583 a2200217 4500
003 OSt
005 20240419130228.0
008 240313b |||||||| |||| 00| 0 eng d
020 _a0030105595
040 _cMUST
082 _a512.02 HUN 1997
100 _aHungerford, Thomas W.
_916908
245 _aAbstract Algebra:
_ban introdcution
250 _a2nd.ed
260 _aAustralia;
_bBrook,
_c1997
300 _axvii,588p;
_bill :
_c25cm.
504 _aIndex and Bibliographical references included
650 _aAlgebra
_916909
650 _aMathematics
942 _2ddc
_cO_SHELF
999 _c8267
_d8267